| 000 | 01531cam0 22003971ib4500 | ||
|---|---|---|---|
| 001 | BY-HR0009-br5589648 | ||
| 005 | 20251022173955.0 | ||
| 010 |
^a985-900-43-4-Х ^bв переплете ^d1 р. |
||
| 035 | ^a(BY-MI0012)BY-HR0009-br5589648 | ||
| 100 | ^a20131101d2007 b y0rusy50 ca | ||
| 101 | 0 | ^arus | |
| 102 | ^aBY | ||
| 105 | ^aa z 000zy | ||
| 106 |
^9kn ^ar |
||
| 109 | ^ama | ||
| 200 | 1 |
^aАзбука. Загадки ^fГеннадий Турчак ^gхудожник П. Орловский |
|
| 205 | ^a2-е изд., дораб. | ||
| 210 |
^aМинск ^cИП Турчак Г.И. ^d2007 |
||
| 215 |
^a31 с. ^cил. ^d26 см |
||
| 225 | 0 | ^aОт Ванюши | |
| 333 | ^a0+ | ||
| 345 | ^920 000 экз. | ||
| 608 |
^aДЕТСКАЯ И ЮНОШЕСКАЯ ЛИТЕРАТУРА (художеств. произведение) ^3BY-NLB-ar9019 ^2BYGNR |
||
| 608 |
^aЗАГАДКА ^3BY-NLB-ar10571 ^2BYGNR |
||
| 608 |
^aАЗБУКА ^3BY-NLB-ar3208526 ^2BYGNR |
||
| 615 |
^3BY-SEK-ar1826174 ^aБелорусский национальный документ |
||
| 686 |
^aД ^2rubbk |
||
| 690 |
^a1 ^2Base ^9BY-MI0012 ^xRSEK |
||
| 700 | 1 |
^aТурчак ^bГ. И. ^gГеннадий Иванович ^3BY-NLB-ar2440261 |
|
| 702 | 1 |
^aОрловский ^bП. В. ^gПетр В. ^cхудожник ^3BY-NLB-ar8367725 ^4040 |
|
| 801 | 0 |
^aBY ^bBY-HR0009 ^c20230616 ^gRCR |
|
| 801 | 1 |
^aBY ^bBY-HR0009 ^c20250325 ^gRCR |
|
| 801 | 2 |
^aBY ^bBY-MI0012 ^c20251022 ^gRCR |
|
| 899 | 0 |
^aBY-MI0012 ^iТ 89 ^hД |
|